000 00334cam a2200145ua 4500
999 _c15412
_d15412
020 _a9780834212657
082 _a664
_bPOT/FO
100 _aPotter, Norman N .
_93091
245 _aFood science /
250 _a5
260 _aSpringer
_bNew York
_c1996.
300 _a608 ; .
700 1 _aHotchkiss, Joseph H .
_9129
942 _cBK